Fundamentos de análisis estructural
Spremljeno u:
| Glavni autori: | , |
|---|---|
| Format: | Knjiga |
| Jezik: | španjolski |
| Izdano: |
Ciudad de México
McGraw-Hill
2006
|
| Izdanje: | 1a. ed |
| Teme: | |
| Oznake: |
Dodaj oznaku
Bez oznaka, Budi prvi tko označuje ovaj zapis!
|
MARC
| LEADER | 00000nam a2200000 a 4500 | ||
|---|---|---|---|
| 001 | UCI2014 | ||
| 003 | CL-VaPUC | ||
| 008 | 070727e20060000MX |||||||||||||||||spa|d | ||
| 020 | |a 9701056272 | ||
| 082 | 0 | 4 | |a 624.171 |b LEE |2 21 |
| 100 | |a Leet, Kenneth M |e author |9 599084 | ||
| 700 | 0 | |a Uang, Chia Ming |e author |9 522856 | |
| 245 | 1 | 0 | |a Fundamentos de análisis estructural |
| 250 | |a 1a. ed | ||
| 300 | |a 756 p | ||
| 942 | |c BK | ||
| 945 | |d 20070727 00:00:00 |a jtorresc | ||
| 260 | |a Ciudad de México |b McGraw-Hill |c 2006 | ||
| 650 | 0 | |a Análisis estructural |9 260661 | |
| 650 | 0 | |a Ingeniería |9 259380 | |
| 583 | |a last modification |c 20070727 00:00:00 |k Rodrigo Vera | ||
| 999 | |c 326679 |d 326677 | ||
| 952 | |0 0 |1 0 |2 ddc |4 0 |6 624_171000000000000_LEE_2006 |7 0 |8 A |9 408738 |a BIBING |b BIBING |c RES |d 2019-11-22 |i 4359747 |o 624.171 LEE 2006 |p 4359747 |r 2025-01-20 |w 2019-11-22 |y BK |k CIC | ||
| 952 | |0 0 |1 0 |2 ddc |4 0 |6 624_171000000000000_LEE_2006 |7 0 |8 A |9 408739 |a BIBING |b BIBING |c RES |d 2019-11-22 |i 4371232 |l 1 |o 624.171 LEE 2006 |p 4371232 |r 2025-04-16 |s 2025-04-11 |w 2019-11-22 |y BK |k CCL | ||
| 952 | |0 0 |1 0 |2 ddc |4 0 |6 624_171000000000000_LEE_2006 |7 0 |8 A |9 408740 |a BIBING |b BIBING |c RES |d 2019-11-22 |i 4475887 |o 624.171 LEE 2006 |p 4475887 |r 2025-01-20 |w 2019-11-22 |y BK |k CCL | ||